|
|
|
|
| LEADER |
00000nam0a2200000 4500 |
| 001 |
371245 |
| 005 |
20231102012347.0 |
| 035 |
|
|
|a (RuTPU)RU\TPU\retro\28655
|
| 090 |
|
|
|a 371245
|
| 100 |
|
|
|a 20221004d1978 m y0rusy50 ca
|
| 101 |
0 |
|
|a rus
|
| 102 |
|
|
|a UA
|
| 105 |
|
|
|a a j 001zy
|
| 200 |
1 |
|
|a Основы проектирования буровых машин и механизмов
|e учебное пособие
|f Н. А. Дудля
|g Днепропетровский горный институт
|
| 210 |
|
|
|a Днепропетровск
|c [Б. и.]
|d 1978
|
| 215 |
|
|
|a 86 с.
|c ил.
|
| 320 |
|
|
|a Библиогр.: с. 83-84
|
| 606 |
1 |
|
|a Буровые механизмы
|2 stltpush
|3 (RuTPU)RU\TPU\subj\30581
|9 53671
|
| 610 |
1 |
|
|a буровое оборудование
|
| 610 |
1 |
|
|a проектирование
|
| 610 |
1 |
|
|a технические характеристики
|
| 610 |
1 |
|
|a буровые лебедки
|
| 610 |
1 |
|
|a приводы
|
| 610 |
1 |
|
|a электродвигатели
|
| 610 |
1 |
|
|a мощность
|
| 610 |
1 |
|
|a буровые установки
|
| 610 |
1 |
|
|a государственные стандарты
|
| 610 |
1 |
|
|a гидрофицированные буровые установки
|
| 610 |
1 |
|
|a надежность
|
| 610 |
1 |
|
|a долговечность
|
| 610 |
1 |
|
|a ремонтопригодность
|
| 610 |
1 |
|
|a расчет
|
| 610 |
1 |
|
|a учебные пособия
|
| 675 |
|
|
|a 622.24.05(075.8)
|v 4
|
| 700 |
|
1 |
|a Дудля
|b Н. А.
|g Николай Андреевич
|
| 712 |
0 |
2 |
|a Днепропетровский горный институт
|c (1923-1993)
|2 stltpush
|3 (RuTPU)RU\TPU\col\13485
|9 25689
|
| 801 |
|
1 |
|a RU
|b 63413507
|c 20221004
|
| 942 |
|
|
|c BK
|